Panic! At the Disco Quiz - Statistics

General Stats
  • This quiz has been taken 808 times
  • The average score is 8 of 11
Answer Stats
Hint Answer % Correct
What year was their first album released? 2005
92%
What is Brendon's wife's first name? Sarah
89%
Who is the former member that Brendon is still constantly shipped with? Ryan Ross
86%
What part of Brendon's body do the fans often make fun of? His forehead
85%
How old was Brendon when the band released their first album? 16
82%
What band's history did Brendon tell when he was drunk? Fall Out Boy
79%
What was the drummer's name? Spencer Smith
68%
Who was the member that joined in 2010 and left in 2015? Dallon Weekes
66%
What label is Panic! signed to? Fueled by Ramen Records
65%
What movie was 'New Perspective' written for? Jennifer's Body
62%
What two artists was 'Pretty.Odd' inspired by? The Beatles, the Beach Boys
6%
No matching quizzes found
Score Distribution
Percent of People with Each Score
Percentile by Number Answered
Your Score History
You have not taken this quiz